| 000 | 00659nam a2200217 a 4500 | ||
|---|---|---|---|
| 001 | BRCA_5873 | ||
| 005 | 20190320205240.0 | ||
| 008 | 160311t1956----mx-#######---o000-0#spa-# | ||
| 041 | _aspa | ||
| 044 | _amx | ||
| 050 | 4 |
_aHJ33 _b.P74 _c1956 |
|
| 245 | 1 | 0 |
_aEl Presupuesto Fiscal y la Economía Nacional. _cRafael Mancera Ortíz. |
| 260 |
_aMéxico _bTalleres de Imprensión de Estampillas y Valores. _c1956 |
||
| 300 |
_a25 p. _c23 cm. |
||
| 500 | _aH120 | ||
| 650 | 1 | 4 |
_aEconomía _914865 |
| 650 | 1 | 4 |
_aFinanzas _zMéxico _914605 |
| 700 | 1 |
_aRafael Mancera Ortíz. _cSubsecretario de Hacienda y Crédito Público. _914866 |
|
| 902 | _aGFM | ||
| 942 |
_2lcc _cB |
||
| 999 |
_c5562 _d5562 |
||